000 00505nam a2200181Ia 4500
005 20250317125743.0
008 008 250317s9999 xx 000 0 eng d
037 _aTextbook
040 _aFMSL
_beng
_cFMSL
041 _aeng
_2eng
084 _qFMSL
100 _aBasu Anil
_9310296
245 0 _aPublic relations : Problems and prospects with case studies
260 _aNew Delhi
_bNew Delhi, Space age Pub.
_c1981
300 _a132p
942 _cTB
999 _c1260822
_d1260822